000 00563cam a2200133 4500500
005 20260329023203.0
041 _afre
042 _adc
100 1 0 _aDosse, François
_eauthor
245 0 0 _aL'Histoire
260 _bArmand Colin,
_c2010.
520 _a1. L’historien : un maître de vérité2. L’imputation causale3. Le récit4. Les déchirures du temps5. Le télos : de la Providence au progrès de la Raison6. Une histoire sociale de la mémoire
856 4 1 _uhttps://shs.cairn.info/l-histoire--9782200256364?lang=fr&redirect-ssocas=7080
999 _c1925355
_d1925355